000 00936nam a22002897a 4500
003 DO-SdBPM
005 20260512115923.0
007 ta
008 161031b2006 xx a 1 00| 0 spa d
020 _a0765276771
040 _aDO-SdBPM
_bspa
_cBPMSU
_erda
082 0 4 _a155.4
_bV364v 2006
_222
100 1 _aVaughan, Jenny
_eautor
_4aut.
245 1 0 _aUn día en la vida de Óscar /
_cJenny Vaughan, Cynthia Benjamin
264 _aEstados Unidos :
_bCelebration Press,
_bPearson Learning Group ,
_c2006.
300 _a8 págians :
_bilustración ;
_c25 cm. texto
336 _atexto
_btxt
_2rdacontent
337 _asin mediación
_bn
_2rdamedia
338 _avolumen
_bnc
_2rdacarrier
490 0 _aiOpeners
590 _aInventariado, 2026/VM
650 7 _aPsicología infantil
650 7 _a Educación de niños
700 1 _aBenjamin, Cynthia
_eautora
910 _aVMateo V. Control de calidad. BPMSU
942 _2ddc
_cBK
999 _c12667
_d12667